Symbole niektórych pierwiastków chemicznych - Statystyki

Ogólne statystyki
  • Ten quiz został rozwiązany 14 razy
  • Średni wynik to 23 z 24
Statystyki odpowiedzi
Hint Odpowiedź % Poprawnych
Srebro Ag
100%
Bar Ba
100%
Brom Br
100%
Węgiel C
100%
Wapń Ca
100%
Chlor Cl
100%
Miedź Cu
100%
Żelazo Fe
100%
Wodór H
100%
Magnez Mg
100%
Azot N
100%
Tlen O
100%
Fosfor P
100%
Ołów Pb
100%
Siarka S
100%
Krzem Si
100%
Cynk Zn
100%
Glin Al
93%
Jod I
93%
Potas K
93%
Sód Na
93%
Złoto Au
86%
Rtęć Hg
79%
Cyna Sn
79%
Nie znaleziono quizów pasujących do podanych kryteriów
Rozkład punktacji
Procent ludzi z każdym wynikiem
Percentyl według liczby udzielonych odpowiedzi
Twoja historia wyników
Nie rozwiązałeś tego quizu